[Event "CZECH OPEN 2011 "]
[Site "Pardubice (CZE)"]
[Date "2011.07.26"]
[Round "5.42"]
[White "Neuman, Petr"]
[Black "Radovanovic, Jovica"]
[Result "1/2-1/2"]
[WhiteElo "2454"]
[BlackElo "2323"]
[PlyCount "33"]
[EventDate "2011.07.22"]

1. d4 Nf6 2. c4 g6 3. Nc3 Bg7 4. e4 d6 5. Nf3 O-O 6. Be2 e5 7. O-O exd4 8. Nxd4
Nc6 9. Be3 Re8 10. f3 Nh5 11. Qd2 Nf4 12. Bxf4 Nxd4 13. Bg5 Qd7 14. Bd3 c6 15.
Rad1 Qc7 16. Bb1 Be6 17. Be3 1/2-1/2

[Event "CZECH OPEN 2011 "]
[Site "Pardubice (CZE)"]
[Date "2011.07.26"]
[Round "5.44"]
[White "Llorente Zaro, Alfonso"]
[Black "Bystrov, Sergej"]
[Result "1/2-1/2"]
[WhiteElo "2453"]
[BlackElo "2300"]
[PlyCount "51"]
[EventDate "2011.07.22"]

1. c4 c6 2. Nf3 d5 3. d4 Nf6 4. e3 a6 5. Nbd2 Bf5 6. Be2 e6 7. Nh4 Bg6 8. b3
Nbd7 9. Bb2 Bb4 10. Nhf3 Ne4 11. O-O Nxd2 12. Nxd2 Bd6 13. Re1 O-O 14. Bf3 Nf6
15. h3 Re8 16. a3 a5 17. Be2 Ne4 18. Nxe4 Bxe4 19. Bc3 Qg5 20. Bf1 h5 21. c5
Bc7 22. b4 axb4 23. axb4 Bf5 24. Kh1 Qh4 25. Kg1 Qg5 26. Kh1 1/2-1/2

[Event "CZECH OPEN 2011 "]
[Site "Pardubice (CZE)"]
[Date "2011.07.26"]
[Round "5.78"]
[White "Hladik, Josef"]
[Black "Caletka, Radomir"]
[Result "1/2-1/2"]
[WhiteElo "2141"]
[BlackElo "2357"]
[PlyCount "56"]
[EventDate "2011.07.22"]

1. d4 Nf6 2. Nf3 e6 3. c4 b6 4. g3 Ba6 5. Qa4 Bb7 6. Bg2 c5 7. O-O cxd4 8. Nxd4
Bxg2 9. Kxg2 Qc7 10. f3 a6 11. Be3 Be7 12. Nd2 O-O 13. Rac1 Qb7 14. Qb3 d6 15.
Bf2 Nbd7 16. e4 Rfc8 17. Qe3 b5 18. b3 Ne5 19. Qe2 bxc4 20. Nxc4 Nxc4 21. Rxc4
Rxc4 22. Qxc4 Rc8 23. Qe2 d5 24. exd5 Nxd5 25. Qe4 Bf6 26. Ne2 h6 27. Rc1 Rd8
28. Nf4 Nxf4+ 1/2-1/2

[Event "CZECH OPEN 2011 "]
[Site "Pardubice (CZE)"]
[Date "2011.07.26"]
[Round "5.76"]
[White "Kireev, Aleksei"]
[Black "Oganian, Miran"]
[Result "1/2-1/2"]
[WhiteElo "2360"]
[BlackElo "2204"]
[PlyCount "125"]
[EventDate "2011.07.22"]

1. g3 Nf6 2. Bg2 e6 3. d3 Be7 4. e4 c5 5. c3 d6 6. Nh3 Nc6 7. O-O Qc7 8. f4 Rb8
9. Nd2 b5 10. Nf2 h5 11. Nf3 b4 12. Qc2 bxc3 13. bxc3 e5 14. Be3 Ng4 15. Nxg4
hxg4 16. Nd2 Ba6 17. Rfb1 O-O 18. f5 Qa5 19. Bf1 Rfc8 20. Be2 Rxb1+ 21. Rxb1
Nd4 22. Bxd4 cxd4 23. c4 Bg5 24. Nb3 Qb6 25. Kf1 d5 26. exd5 Qf6 27. Kg2 Qxf5
28. Qd1 Be3 29. Bxg4 Qf2+ 30. Kh1 f5 31. Be2 e4 32. Qf1 Qxf1+ 33. Rxf1 exd3 34.
Bxd3 g6 35. Na5 Rc5 36. Nc6 Bxc4 37. Bxc4 Rxc4 38. Ne5 Rc5 39. Nxg6 d3 40. Ne7+
Kh7 41. Nxf5 Bg5 42. Nd4 Rxd5 43. Nf3 Bh6 44. Rd1 d2 45. Kg2 Ra5 46. Kf2 Rxa2
47. Ne5 a5 48. Ke2 a4 49. Kd3 Rb2 50. Nc4 Rb3+ 51. Kc2 Bg7 52. Kxd2 a3 53. Nxa3
Rxa3 54. Ke2 Bh6 55. Rd7+ Kg6 56. Rd6+ Kg7 57. Rd7+ Kg8 58. Rd8+ Kf7 59. Rd4
Ke6 60. Rb4 Bg7 61. Kf1 Ra2 62. Re4+ Kd5 63. Re2 1/2-1/2

[Event "CZECH OPEN 2011 "]
[Site "Pardubice (CZE)"]
[Date "2011.07.26"]
[Round "5.71"]
[White "Bures, Jaroslav"]
[Black "Lambrechts, Koen"]
[Result "1-0"]
[WhiteElo "2380"]
[BlackElo "2255"]
[PlyCount "127"]
[EventDate "2011.07.22"]

1. e4 g6 2. d4 Bg7 3. Nc3 d6 4. Be3 a6 5. a4 b6 6. Qd2 Bb7 7. f3 Nd7 8. Bc4 c6
9. Nh3 e6 10. O-O Ngf6 11. Nf4 O-O 12. Rfd1 Qe7 13. Bf1 Rfd8 14. Qf2 c5 15. Nd3
Rac8 16. Nc1 d5 17. exd5 exd5 18. Re1 c4 19. Bh6 Qb4 20. Bxg7 Kxg7 21. Rb1 Nh5
22. N1a2 Qd6 23. g3 Re8 24. Rxe8 Rxe8 25. Re1 Nhf6 26. Rxe8 Nxe8 27. Qe3 Nc7
28. Bg2 Bc6 29. Qd2 Nf6 30. Kf2 Qd7 31. b3 cxb3 32. cxb3 Qf5 33. Nb4 Bb7 34.
Kg1 a5 35. Nc2 Ba6 36. Ne3 Qe6 37. Kf2 Qd6 38. Nb1 Ne6 39. Bh3 Ng5 40. Nf5+
gxf5 41. Qxg5+ Kf8 42. Bxf5 Qc6 43. Qh6+ Ke7 44. Qe3+ Kd8 45. Nc3 h5 46. h4 Qc7
47. Nd1 Ne8 48. Qe5 Qc1 49. Qxd5+ Ke7 50. Qe4+ Kf8 51. Qc2 Qa1 52. Ke3 Nd6 53.
Bd3 Bxd3 54. Qxd3 Nf5+ 55. Qxf5 Qxd1 56. Qd5 Qc1+ 57. Ke4 Qc7 58. Kf5 Qe7 59.
Qe5 Qd7+ 60. Kg5 Qc6 61. d5 Qg6+ 62. Kf4 Qh6+ 63. Ke4 Qg6+ 64. Kd4 1-0

[Event "CZECH OPEN 2011 "]
[Site "Pardubice (CZE)"]
[Date "2011.07.26"]
[Round "5.32"]
[White "Belyakov, Bogdan"]
[Black "Looshnikov, Nikolai"]
[Result "1/2-1/2"]
[WhiteElo "2367"]
[BlackElo "2512"]
[PlyCount "32"]
[EventDate "2011.07.22"]

1. e4 e6 2. d4 d5 3. Nc3 Nf6 4. Bg5 dxe4 5. Nxe4 Nbd7 6. Nf3 Be7 7. Nxf6+ Bxf6
8. Qd2 c5 9. dxc5 Nxc5 10. Bb5+ Bd7 11. Bxf6 gxf6 12. Bxd7+ Qxd7 13. Qf4 Ke7
14. Rd1 Qc6 15. O-O Rhg8 16. g3 Rad8 1/2-1/2

[Event "CZECH OPEN 2011 "]
[Site "Pardubice (CZE)"]
[Date "2011.07.26"]
[Round "5.33"]
[White "Schuh, Dirk"]
[Black "Alonso Rosell, Alvar"]
[Result "1/2-1/2"]
[WhiteElo "2364"]
[BlackElo "2502"]
[PlyCount "22"]
[EventDate "2011.07.22"]

1. e4 c5 2. c3 d5 3. exd5 Qxd5 4. d4 g6 5. dxc5 Qxc5 6. Be3 Qc7 7. Na3 a6 8.
Nc4 Nd7 9. a4 Ngf6 10. a5 Bg7 11. Nf3 O-O 1/2-1/2

[Event "CZECH OPEN 2011 "]
[Site "Pardubice (CZE)"]
[Date "2011.07.26"]
[Round "5.37"]
[White "De Verdier, Michael"]
[Black "Totsky, Leonid"]
[Result "1/2-1/2"]
[WhiteElo "2359"]
[BlackElo "2484"]
[PlyCount "47"]
[EventDate "2011.07.22"]

1. c4 f5 2. Nf3 Nf6 3. g3 e6 4. Bg2 d5 5. O-O Bd6 6. b3 Qe7 7. Bb2 O-O 8. Nc3
c6 9. cxd5 exd5 10. e3 Nbd7 11. Ne2 Nc5 12. Qc2 a5 13. Ned4 Nfe4 14. d3 Nf6 15.
a3 Bd7 16. Bc3 Na6 17. Qb2 c5 18. Ne2 Nc7 19. Be5 b5 20. Bxd6 Qxd6 21. Ne5 Rab8
22. Rfc1 Ne6 23. Nf4 Nxf4 24. gxf4 1/2-1/2

[Event "CZECH OPEN 2011 "]
[Site "Pardubice (CZE)"]
[Date "2011.07.26"]
[Round "5.38"]
[White "Lalic, Bogdan"]
[Black "Geske, Julian"]
[Result "1/2-1/2"]
[WhiteElo "2470"]
[BlackElo "2337"]
[PlyCount "66"]
[EventDate "2011.07.22"]

1. d4 Nf6 2. c4 g6 3. g3 Bg7 4. Bg2 O-O 5. Nc3 d6 6. Nf3 Nc6 7. O-O a6 8. h3
Bd7 9. e4 e5 10. dxe5 dxe5 11. Re1 Qc8 12. Kh2 Be6 13. Nd5 Nd7 14. Be3 Re8 15.
Qd2 b5 16. Rac1 Qb7 17. cxb5 axb5 18. b3 Rac8 19. a4 Na7 20. Ng5 c6 21. Nxe6
Rxe6 22. Qa5 c5 23. Bf1 bxa4 24. bxa4 Nc6 25. Qb5 Qa8 26. Bxc5 Rb8 27. Bb6 Nxb6
28. Nxb6 Qb7 29. Nd5 Qa7 30. Qc5 Qxa4 31. Ra1 Qd4 32. Qxd4 Nxd4 33. Kg2 Bf8
1/2-1/2

[Event "CZECH OPEN 2011 "]
[Site "Pardubice (CZE)"]
[Date "2011.07.26"]
[Round "5.58"]
[White "Vokac, Marek"]
[Black "Saiyn, Zhanat"]
[Result "1/2-1/2"]
[WhiteElo "2499"]
[BlackElo "2077"]
[PlyCount "200"]
[EventDate "2011.07.22"]

1. e4 c5 2. Bc4 e6 3. Qe2 a6 4. c3 b5 5. Bb3 Bb7 6. Nf3 Nf6 7. e5 Nd5 8. d4
cxd4 9. cxd4 Bb4+ 10. Kf1 O-O 11. a3 Be7 12. h4 f6 13. Nc3 Nxc3 14. bxc3 Nc6
15. exf6 Bxf6 16. Bc2 Ne7 17. Ng5 Bxg5 18. Bxg5 h6 19. Bd2 Nf5 20. Kg1 Qf6 21.
Qg4 Rac8 22. Bd3 Bd5 23. Rh3 Nd6 24. Rf1 Bc4 25. Bg5 Qf7 26. Bxh6 Bxd3 27. Rxd3
Nf5 28. Bd2 Rc4 29. h5 Kh7 30. Qe4 d5 31. Qe5 Rc6 32. Rf3 Qe7 33. Ra1 Rf7 34.
Qe2 Nd6 35. Qd3+ Kg8 36. a4 Rxf3 37. Qxf3 bxa4 38. Rxa4 Ne4 39. Be1 Rb6 40. Qd3
Qb7 41. Ra1 Nf6 42. Qe2 Kf7 43. Kf1 Rb2 44. Qxa6 Qxa6+ 45. Rxa6 Nxh5 46. g3 Rc2
47. Rc6 g5 48. f3 Rc1 49. Ke2 Rc2+ 50. Bd2 Ra2 51. Kd3 Kf6 52. g4 Nf4+ 53. Bxf4
gxf4 54. c4 Ra3+ 55. Ke2 Re3+ 56. Kf2 dxc4 57. Rxc4 Rd3 58. Ra4 Rd2+ 59. Ke1
Rd3 60. Ke2 Re3+ 61. Kf2 Rd3 62. d5 Rd2+ 63. Ke1 Rxd5 64. Rxf4+ Ke5 65. Re4+
Kf6 66. Kf2 Ra5 67. Kg3 Ra3 68. Kf4 e5+ 69. Kg3 Rd3 70. Ra4 Rd6 71. Ra8 Rd3 72.
Ra6+ Kf7 73. Kf2 Rb3 74. Ke2 Rc3 75. Ra4 Kf6 76. Kf2 Rb3 77. Re4 Rb2+ 78. Re2
Rb1 79. Re3 Rb2+ 80. Kg3 Rb1 81. Ra3 Rg1+ 82. Kf2 Rb1 83. Ra6+ Kf7 84. g5 Rb3
85. Rf6+ Ke7 86. Ra6 Kf7 87. Kg2 Rc3 88. g6+ Kg7 89. Re6 Re3 90. Kf2 Ra3 91.
Kg3 e4 92. Rxe4 Kxg6 93. Kg4 Ra6 94. f4 Rb6 95. Ra4 Rb5 96. Ra6+ Kf7 97. Rh6
Kg7 98. Re6 Kf7 99. Ra6 Rc5 100. f5 Rc1 1/2-1/2

[Event "CZECH OPEN 2011 "]
[Site "Pardubice (CZE)"]
[Date "2011.07.26"]
[Round "5.83"]
[White "Gislason, Gudmundur"]
[Black "Yefimov, Mstislav"]
[Result "1-0"]
[WhiteElo "2322"]
[BlackElo "2127"]
[PlyCount "109"]
[EventDate "2011.07.22"]

1. d4 d5 2. c4 c6 3. Nf3 Nf6 4. e3 a6 5. Bd3 dxc4 6. Bxc4 b5 7. Bd3 e6 8. a4 b4
9. e4 Bb7 10. e5 Nd5 11. Ng5 h5 12. Qf3 Qd7 13. Nd2 c5 14. dxc5 Nc6 15. Nc4
Bxc5 16. Ne4 Bd4 17. Ned6+ Kf8 18. Bg6 Nd8 19. Bg5 f6 20. Nxb7 Qxb7 21. Rd1 Nc6
22. exf6 gxf6 23. Be4 Qe7 24. O-O Rd8 25. Bh4 Ne5 26. Qb3 Qc5 27. Bxd5 Qxd5 28.
Qxb4+ Kf7 29. Nxe5+ Qxe5 30. Qb7+ Kg6 31. Rfe1 Qf4 32. Bg3 Qg4 33. h3 Qxg3 34.
Rxd4 Qg5 35. Rxd8 Rxd8 36. Qe4+ Qf5 37. Qxe6 Rb8 38. b4 Qxe6 39. Rxe6 Rxb4 40.
Rxa6 Rb1+ 41. Kh2 Ra1 42. Kg3 Ra3+ 43. f3 Ra2 44. h4 Ra3 45. Ra8 Kf5 46. a5 Ra1
47. a6 Ra3 48. a7 Ra4 49. Kf2 Ra2+ 50. Ke3 Ra3+ 51. Kd4 Ra4+ 52. Kc5 Ra5+ 53.
Kb6 Ra1 54. Rg8 Rb1+ 55. Kc5 1-0

[Event "CZECH OPEN 2011 "]
[Site "Pardubice (CZE)"]
[Date "2011.07.26"]
[Round "5.84"]
[White "Kyas, Philipp"]
[Black "Mueller, Fabian"]
[Result "1-0"]
[WhiteElo "2017"]
[BlackElo "2314"]
[PlyCount "52"]
[EventDate "2011.07.22"]

1. d4 Nf6 2. c4 g6 3. Nc3 d5 4. e3 Bg7 5. Nf3 O-O 6. Be2 c5 7. O-O cxd4 8. exd4
Nc6 9. Ne5 dxc4 10. Nxc6 bxc6 11. Bxc4 Qd6 12. Ne2 Nd5 13. Bxd5 Qxd5 14. Be3
Rd8 15. Qa4 Qb5 16. Qxb5 cxb5 17. Rac1 Be6 18. b3 Rac8 19. Rc5 a6 20. Rfc1 Kf8
21. Nf4 Bd7 22. Nd3 Ke8 23. Nb4 Rxc5 24. Rxc5 e5 25. Nxa6 exd4 26. Bg5 Rb8 1-0

[Event "CZECH OPEN 2011 "]
[Site "Pardubice (CZE)"]
[Date "2011.07.26"]
[Round "5.85"]
[White "Chernyshova, Natalia"]
[Black "Ruckschloss, Karol"]
[Result "0-1"]
[WhiteElo "2039"]
[BlackElo "2312"]
[PlyCount "118"]
[EventDate "2011.07.22"]

1. d4 f5 2. c4 g6 3. Nc3 Nf6 4. h4 d6 5. h5 Nxh5 6. Rxh5 gxh5 7. e4 Kd7 8. Qxh5
Qe8 9. Qxf5+ Kd8 10. Qf3 Qg6 11. Qd3 Bh6 12. f4 Nc6 13. Nce2 e6 14. Bd2 d5 15.
Qh3 dxe4 16. Qh4+ Ke8 17. Bc3 Bg7 18. O-O-O Ne7 19. Ng3 Bf6 20. Qh2 h5 21. Re1
Nf5 22. Nxe4 Bxd4 23. Bxd4 Nxd4 24. Bd3 Qg7 25. Nh3 Nf5 26. Nhg5 Qd4 27. Qh3
Kf8 28. Qf3 Bd7 29. Nd2 Re8 30. Nb3 Qd6 31. c5 Qd5 32. Be4 Qc4+ 33. Kb1 Ba4 34.
Rc1 Qb4 35. Bxf5 exf5 36. Qd5 Re7 37. Qxf5+ Kg7 38. Ne6+ Rxe6 39. Qxe6 Qxf4 40.
Qe7+ Kg6 41. Qe6+ Qf6 42. Qxf6+ Kxf6 43. Rf1+ Ke6 44. Na5 Rg8 45. Rf4 Be8 46.
Rf2 Bg6+ 47. Kc1 Be4 48. Re2 Kd5 49. g3 Rxg3 50. Rh2 Rg1+ 51. Kd2 Rg2+ 52. Rxg2
Bxg2 53. Nxb7 Kd4 54. Nd8 Bd5 55. Ke2 Kxc5 56. Kd3 Bxa2 57. b4+ Kxb4 58. Nc6+
Kc5 59. Nxa7 Be6 0-1

[Event "CZECH OPEN 2011 "]
[Site "Pardubice (CZE)"]
[Date "2011.07.26"]
[Round "5.86"]
[White "Biolek, Richard Jr"]
[Black "Saric, Kristina"]
[Result "1-0"]
[WhiteElo "2409"]
[BlackElo "2246"]
[PlyCount "59"]
[EventDate "2011.07.22"]

1. e4 c5 2. Nf3 d6 3. d4 cxd4 4. Nxd4 Nf6 5. Nc3 Nc6 6. Bg5 Bd7 7. Bxf6 gxf6 8.
Nf5 Bxf5 9. exf5 Qa5 10. Bb5 a6 11. Bxc6+ bxc6 12. Qd3 Rg8 13. O-O h5 14. Rfe1
Kd7 15. b4 Qb6 16. a4 Bh6 17. a5 Qa7 18. Na4 Kd8 19. Nb6 Rb8 20. Qc4 Rg7 21.
Rad1 Qb7 22. Qe2 Qc7 23. Qxh5 Rh7 24. Qg4 Rh8 25. Qc4 Qb7 26. Qxf7 Bf4 27. g3
Be5 28. Rxe5 fxe5 29. f6 d5 30. Qg7 1-0

[Event "CZECH OPEN 2011 "]
[Site "Pardubice (CZE)"]
[Date "2011.07.26"]
[Round "5.87"]
[White "Freisler, Pavel"]
[Black "Prieto Aranguren, Alain"]
[Result "0-1"]
[WhiteElo "2351"]
[BlackElo "2243"]
[PlyCount "90"]
[EventDate "2011.07.22"]

1. Nf3 Nf6 2. c4 g6 3. Nc3 Bg7 4. d4 O-O 5. g3 d6 6. Bg2 Nbd7 7. O-O e5 8. e4
c6 9. h3 Qb6 10. Re1 exd4 11. Nxd4 Ne8 12. Nc2 Ne5 13. Ne3 Be6 14. Bf1 f5 15.
exf5 gxf5 16. f4 Nxc4 17. Kh1 Nxe3 18. Rxe3 Bf7 19. Qc2 d5 20. Re5 Bxe5 21.
fxe5 d4 22. Ne2 Bd5+ 23. Bg2 Qb5 24. Bh6 Bxg2+ 25. Kxg2 Qd5+ 26. Kh2 Ng7 27.
Rd1 c5 28. Nf4 Qxe5 29. Rd2 Qd6 30. Qb3+ Rf7 31. Bxg7 Kxg7 32. Ne6+ Kf6 33. Ng5
Re7 34. h4 Rae8 35. Rf2 h6 36. Qd3 hxg5 37. Rxf5+ Kg7 38. Rxg5+ Kh8 39. Rh5+
Kg8 40. Qc4+ Qe6 41. Rg5+ Rg7 42. Qxc5 Qe2+ 43. Kh3 Qf1+ 44. Kg4 Re4+ 45. Kh5
Qf7+ 0-1

[Event "CZECH OPEN 2011 "]
[Site "Pardubice (CZE)"]
[Date "2011.07.26"]
[Round "5.89"]
[White "Kratochvil, Josef"]
[Black "Pribyl, Josef"]
[Result "1-0"]
[WhiteElo "2230"]
[BlackElo "2328"]
[PlyCount "97"]
[EventDate "2011.07.22"]

1. e4 Nf6 2. e5 Nd5 3. d4 d6 4. c4 Nb6 5. exd6 cxd6 6. Nc3 g6 7. Be3 Bg7 8. Nf3
Bg4 9. Be2 O-O 10. b3 Nc6 11. Rc1 d5 12. c5 Nc8 13. O-O Bxf3 14. Bxf3 e6 15.
Qd2 N8e7 16. Ne2 Nf5 17. b4 a6 18. a4 Qd7 19. Rfd1 Nce7 20. Qc2 Nxe3 21. fxe3
Bh6 22. Qb3 Rfb8 23. Rc3 b6 24. e4 Ra7 25. c6 Nxc6 26. exd5 exd5 27. Bxd5 Nxb4
28. Bxf7+ Qxf7 29. Qxb4 Re7 30. Rf3 Qe6 31. Ng3 Rd8 32. d5 Qd6 33. Qh4 Be3+ 34.
Kh1 Rde8 35. Rf6 Qe5 36. d6 Bg5 37. Qc4+ Kh8 38. Rf2 b5 39. axb5 axb5 40. Qf1
Re6 41. d7 Rd8 42. Rf8+ Kg7 43. Qf7+ Kh6 44. Rxd8 Qe1+ 45. Rxe1 Rxe1+ 46. Nf1
Bxd8 47. Qf8+ Kh5 48. Qf3+ Kh6 49. Qh3+ 1-0

[Event "CZECH OPEN 2011 "]
[Site "Pardubice (CZE)"]
[Date "2011.07.26"]
[Round "5.90"]
[White "Shemeakin, Alexander"]
[Black "Wagener, Claude"]
[Result "1/2-1/2"]
[WhiteElo "2317"]
[BlackElo "2232"]
[PlyCount "69"]
[EventDate "2011.07.22"]

1. d4 Nf6 2. c4 g6 3. Nc3 d5 4. Nf3 Bg7 5. Bf4 O-O 6. e3 c5 7. dxc5 Ne4 8. Be5
Nxc3 9. bxc3 dxc4 10. Bxc4 Qxd1+ 11. Rxd1 Nd7 12. Bxg7 Kxg7 13. c6 bxc6 14. O-O
Nb6 15. Be2 Be6 16. Nd4 Bxa2 17. Nxc6 Rac8 18. Bf3 Rc7 19. Rd2 Bd5 20. Bxd5
Nxd5 21. Rxd5 Rxc6 22. Rd7 Kf6 23. Rxa7 Rxc3 24. h4 Rfc8 25. Rb1 Rc1+ 26. Rxc1
Rxc1+ 27. Kh2 h5 28. Kg3 Rc4 29. f3 e5 30. Ra6+ Kg7 31. e4 Rc2 32. Ra5 Kf6 33.
Ra6+ Kg7 34. Rb6 Ra2 35. Rb5 1/2-1/2

[Event "CZECH OPEN 2011 "]
[Site "Pardubice (CZE)"]
[Date "2011.07.26"]
[Round "5.67"]
[White "Aliavdin, Nikolai"]
[Black "Stastny, Jan"]
[Result "1-0"]
[WhiteElo "2392"]
[BlackElo "2271"]
[PlyCount "87"]
[EventDate "2011.07.22"]

1. e4 c5 2. Nf3 d6 3. d4 cxd4 4. Nxd4 Nf6 5. Nc3 Nc6 6. Bg5 e6 7. Qd2 a6 8.
O-O-O Bd7 9. f4 b5 10. Bxf6 gxf6 11. Kb1 Qb6 12. Nce2 Rc8 13. f5 Nxd4 14. Nxd4
e5 15. Ne2 b4 16. Ng3 h5 17. Be2 h4 18. Nf1 Qc6 19. Qd3 Bh6 20. Nd2 Bxd2 21.
Rxd2 h3 22. g4 O-O 23. Rg1 Kg7 24. Qxd6 Qxd6 25. Rxd6 Bb5 26. Bxb5 axb5 27. g5
Rfd8 28. gxf6+ Kh6 29. Rd3 Rxd3 30. cxd3 Rc6 31. Rg3 Rxf6 32. Rxh3+ Kg5 33. Kc2
Rd6 34. Rh7 Rd7 35. Rh8 Kf4 36. Rb8 Ke3 37. Rxb5 Rxd3 38. Rxb4 Rd2+ 39. Kc1
Rxh2 40. a4 Rh1+ 41. Kc2 Ra1 42. Rc4 f6 43. b3 Ra2+ 44. Kc3 1-0

[Event "CZECH OPEN 2011 "]
[Site "Pardubice (CZE)"]
[Date "2011.07.26"]
[Round "5.60"]
[White "Nemcova, Katerina"]
[Black "Llaneza Vega, Marcos"]
[Result "0-1"]
[WhiteElo "2307"]
[BlackElo "2465"]
[PlyCount "66"]
[EventDate "2011.07.22"]

1. d4 Nf6 2. c4 g6 3. g3 Bg7 4. Bg2 d5 5. Nf3 O-O 6. cxd5 Nxd5 7. O-O Nc6 8. e3
Nb6 9. Qe2 a5 10. Rd1 Be6 11. Na3 Qc8 12. e4 Bg4 13. Be3 f5 14. e5 Nd5 15. Qc4
e6 16. Ng5 Bxd1 17. Bxd5 exd5 18. Qxd5+ Kh8 19. Nf7+ Rxf7 20. Qxf7 Be2 21. Re1
Bd3 22. Rc1 Qd8 23. f4 Ne7 24. Rd1 Be4 25. d5 Bxd5 26. e6 Qf8 27. Bc5 Qxf7 28.
exf7 Bxf7 29. Bxe7 Bxa2 30. Nb5 c6 31. Nd6 b5 32. Nb7 Bd5 33. Nd6 b4 0-1

[Event "CZECH OPEN 2011 "]
[Site "Pardubice (CZE)"]
[Date "2011.07.26"]
[Round "5.61"]
[White "Bodnaruk, Anastasia"]
[Black "Franciskovic, Borka"]
[Result "1/2-1/2"]
[WhiteElo "2431"]
[BlackElo "2294"]
[PlyCount "64"]
[EventDate "2011.07.22"]

1. e4 c6 2. d4 d5 3. Nc3 dxe4 4. Nxe4 Bf5 5. Nc5 Nd7 6. Bd3 Nxc5 7. Bxf5 e6 8.
Bg4 Nd7 9. Be2 Bd6 10. Nf3 Ngf6 11. O-O O-O 12. c4 Qc7 13. Qc2 Bf4 14. g3 Bxc1
15. Raxc1 Rad8 16. Rfd1 a5 17. a3 Rfe8 18. Rd2 e5 19. dxe5 Nxe5 20. Nd4 c5 21.
Nb5 Qc6 22. Rxd8 Rxd8 23. Rd1 Rd7 24. f4 Nf3+ 25. Bxf3 Qxf3 26. Rxd7 Nxd7 27.
Qd2 Nf8 28. Qd5 Qe3+ 29. Kg2 Qe2+ 30. Kg1 Qe1+ 31. Kg2 Qe2+ 32. Kg1 Qe1+
1/2-1/2

[Event "CZECH OPEN 2011 "]
[Site "Pardubice (CZE)"]
[Date "2011.07.26"]
[Round "5.62"]
[White "Adamek, Jiri"]
[Black "Mishuchkov, Nikolai"]
[Result "1/2-1/2"]
[WhiteElo "2289"]
[BlackElo "2415"]
[PlyCount "97"]
[EventDate "2011.07.22"]

1. d4 d5 2. Nf3 Nf6 3. g3 Bf5 4. Bg2 e6 5. O-O Be7 6. Nbd2 h6 7. c4 c6 8. b3
O-O 9. Bb2 a5 10. a4 Na6 11. Ne5 Nb4 12. Rc1 Nd7 13. e4 Nxe5 14. dxe5 dxe4 15.
Nxe4 Nd3 16. Rc2 Nxb2 17. Rxb2 Bxe4 18. Bxe4 Qb6 19. Rd2 Rfd8 20. Bc2 Qc5 21.
Rxd8+ Rxd8 22. Qe2 Rd4 23. Rd1 Bd8 24. Kg2 Bb6 25. Rd3 Rxd3 26. Bxd3 g5 27. Bb1
Qd4 28. Qe3 Qxe3 29. fxe3 g4 30. Bc2 Bxe3 31. Bd1 Bd4 32. Bxg4 Bxe5 33. Bh5 f5
34. g4 Kg7 35. gxf5 exf5 36. Be8 Kf6 37. Bd7 c5 38. Bc8 b6 39. h3 Bb2 40. Kf3
Ke5 41. Bd7 Bc1 42. Bc8 f4 43. Bd7 Kd4 44. Bb5 Kc3 45. Ke2 Kxb3 46. Kf3 h5 47.
Ke2 Kc3 48. Ba6 Kd4 49. Bb5 1/2-1/2

[Event "CZECH OPEN 2011 "]
[Site "Pardubice (CZE)"]
[Date "2011.07.26"]
[Round "5.63"]
[White "Sergienko, Sergey"]
[Black "Taddei, Benoit"]
[Result "1-0"]
[WhiteElo "2411"]
[BlackElo "2288"]
[PlyCount "67"]
[EventDate "2011.07.22"]

1. e4 Nf6 2. e5 Nd5 3. d4 d6 4. c4 Nb6 5. exd6 cxd6 6. Nc3 g6 7. Be3 Bg7 8. Rc1
O-O 9. b3 Bf5 10. Nf3 d5 11. c5 Nc8 12. h3 Nc6 13. Be2 Be4 14. O-O Bxf3 15.
Bxf3 e6 16. b4 a6 17. Ne2 N8e7 18. g4 Qd7 19. a3 f5 20. Bg2 e5 21. dxe5 fxg4
22. hxg4 Qxg4 23. Nc3 Nxe5 24. Qxg4 Nxg4 25. Nxd5 Nc6 26. Nc7 Nxe3 27. fxe3
Rac8 28. Bd5+ Kh8 29. Ne6 Bh6 30. Nxf8 Bxe3+ 31. Kg2 Bxc1 32. Rf7 Rxf8 33.
Rxf8+ Kg7 34. Rf7+ 1-0

[Event "CZECH OPEN 2011 "]
[Site "Pardubice (CZE)"]
[Date "2011.07.26"]
[Round "5.51"]
[White "Samolins, Vitalijs"]
[Black "Straka, Vojtech"]
[Result "1/2-1/2"]
[WhiteElo "2412"]
[BlackElo "2200"]
[PlyCount "48"]
[EventDate "2011.07.22"]

1. e4 c5 2. Nc3 Nc6 3. g3 g6 4. Bg2 Bg7 5. d3 d6 6. f4 e5 7. Nh3 Nf6 8. fxe5
dxe5 9. Bg5 h6 10. Bxf6 Qxf6 11. Nf2 Be6 12. Nd5 Bxd5 13. exd5 Ne7 14. c4 O-O
15. Qd2 Nf5 16. O-O Qb6 17. Rab1 a5 18. a3 a4 19. Ne4 Nd4 20. Nc3 f5 21. Bf3
Qa5 22. Qe1 b5 23. Bd1 bxc4 24. dxc4 Qa6 1/2-1/2

[Event "CZECH OPEN 2011 "]
[Site "Pardubice (CZE)"]
[Date "2011.07.26"]
[Round "5.54"]
[White "Ivanov, Mikhail"]
[Black "Sazonova, Elena N"]
[Result "1-0"]
[WhiteElo "2410"]
[BlackElo "2131"]
[PlyCount "77"]
[EventDate "2011.07.22"]

1. Nf3 Nf6 2. c4 g6 3. Nc3 d5 4. cxd5 Nxd5 5. Qa4+ Bd7 6. Qh4 Bc6 7. Qd4 f6 8.
e4 Nxc3 9. bxc3 e5 10. Qe3 Qe7 11. Bc4 b5 12. Bb3 Nd7 13. O-O $2 Nb6 14. d4
exd4 15. cxd4 Bd7 16. d5 a5 17. a3 Bg7 18. Bb2 Nc8 19. Rac1 a4 20. Ba2 Ra7 21.
Rfe1 h5 22. e5 Bh6 23. Qc3 Kf8 24. d6 cxd6 25. Qxc8+ Bxc8 26. Rxc8+ Qe8 27.
Rxe8+ Kxe8 28. exd6+ Kf8 29. Bxf6 Bg7 30. Be7+ Ke8 31. Bg5+ Kf8 32. Rb1 Bc3 33.
Rxb5 Kg7 34. h4 Bf6 35. Be6 Rd8 36. d7 Ra6 37. Bh3 Kf8 38. Bxf6 Rxf6 39. Ng5
1-0

[Event "CZECH OPEN 2011 "]
[Site "Pardubice (CZE)"]
[Date "2011.07.26"]
[Round "5.56"]
[White "Seifert, Christopher"]
[Black "Nguyen, Chi-Minh"]
[Result "1/2-1/2"]
[WhiteElo "2193"]
[BlackElo "2409"]
[PlyCount "59"]
[EventDate "2011.07.22"]

1. c4 e6 2. Nf3 b6 3. g3 Bb7 4. Bg2 g6 5. Nc3 Bg7 6. d4 f5 7. e4 Nf6 8. exf5
exf5 9. O-O $2 O-O $2 10. Bf4 Ne4 11. Qb3 Nc6 12. Nb5 Rc8 13. d5 Na5 14. Qc2 a6
15. Nbd4 c5 16. dxc6 Nxc6 17. Nxc6 Bxc6 18. Rad1 Bb7 19. Ng5 Re8 20. Rfe1 Qf6
21. Nxe4 Bxe4 22. Bxe4 fxe4 23. Rxe4 Qxb2 24. Qxb2 Bxb2 25. Rxe8+ Rxe8 26. Rxd7
Re4 27. Rd6 Bd4 28. Be3 Bxe3 29. fxe3 Rxe3 30. Rxb6 1/2-1/2

[Event "CZECH OPEN 2011 "]
[Site "Pardubice (CZE)"]
[Date "2011.07.26"]
[Round "5.59"]
[White "Schneider, Ilja"]
[Black "Vlasak, Lukas"]
[Result "1-0"]
[WhiteElo "2498"]
[BlackElo "2308"]
[PlyCount "57"]
[EventDate "2011.07.22"]

1. d4 Nf6 2. c4 e6 3. g3 Bb4+ 4. Bd2 c5 5. Bxb4 cxb4 6. Bg2 O-O $2 7. Nf3 d6 8.
O-O $2 Nc6 9. Nbd2 a5 10. e4 Nd7 11. Rc1 Qe7 12. e5 dxe5 13. d5 exd5 14. cxd5
Nd4 15. Nxd4 exd4 16. Re1 Qd8 17. Nb3 Nf6 18. Qxd4 Ra6 19. Qc5 Bf5 20. Qc7 Rd6
21. Nxa5 Qxc7 22. Rxc7 Nxd5 23. Rxb7 Be6 24. Rd1 Rc8 25. h3 Rdd8 26. Rb5 Nc7
27. Rxd8+ Rxd8 28. Rb7 Nd5 29. Nc6 1-0

[Event "CZECH OPEN 2011 "]
[Site "Pardubice (CZE)"]
[Date "2011.07.27"]
[Round "6.17"]
[White "Velicka, Petr"]
[Black "Simantsev, Mikhail"]
[Result "0-1"]
[WhiteElo "2461"]
[BlackElo "2558"]
[PlyCount "86"]
[EventDate "2011.07.22"]

1. e4 c5 2. Nf3 e6 3. d4 cxd4 4. Nxd4 a6 5. Bd3 Bc5 6. Nb3 Be7 7. O-O d6 8. c4
Nf6 9. Nc3 O-O 10. Be3 b6 11. f4 Bb7 12. Qf3 Re8 13. Rad1 Nbd7 14. Qh3 Qc7 15.
g4 g6 16. g5 Nh5 17. f5 exf5 18. exf5 Ne5 19. Nd5 Bxd5 20. cxd5 Nxd3 21. Rxd3
Bd8 22. Qf3 Re5 23. f6 h6 24. h4 hxg5 25. hxg5 b5 26. Rc1 Qd7 27. Kg2 Rf5 28.
Qe4 Re5 29. Qf3 Bb6 30. Bxb6 Rf5 31. Qd1 Nf4+ 32. Kh2 Nxd3 33. Qxd3 Rxg5 34.
Bf2 Qg4 35. Bg3 Re8 36. Rc2 Rh5+ 37. Kg1 Re1+ 38. Kf2 Rd1 39. Rd2 Rdh1 40. Nd4
R5h2+ 41. Bxh2 Rxh2+ 42. Kf1 Rh1+ 43. Kf2 Qg1+ 0-1